000 01113nam a2200253Ia 4500
999 _c40071
_d40071
001 6677
003 GE_BSU
005 20191209174203.0
008 181216s1977||||ge |||||||||||||| ||geo||
040 _cGE_BSU
041 _ageo
080 _a821.353.1-32 გ-30
100 _aგელაშვილი, გიორგი
_95742
245 _aშრიალი :
_bნოველები, ესკიზები, ჩანახატები და მოთხრობები /
_cგიორგი გელაშვილი ; რედ. რეზო ორჯონიკიძე.
264 _aთბილისი :
_bსაბჭოთა საქართველო,
_c1977.
300 _a302 გვ. :
_bფოტო-პორტრეტი ;
_e17 სმ.
653 _aნოველები
653 _aესკიზები
653 _aჩანახატები
653 _aმოთხრობები
653 _aშრიალი
700 _aორჯონიკიძე, რეზო
_eრედაქტორი
_95745
942 _cBK
_2udc